000 005450000a22001810004500
003 MACL
005 20160223134959.0
008 160223b xxu||||| |||| 00| 0 eng d
040 _aMACL
_cMACL
041 _aHindi
082 _a641
100 _aसिंह प्रा. जगदीश
_939671
245 _aबच्‍चे के प्रारम्भिक
260 _bनैशनल पब्लिर्शिग
_aनई दिल्‍ली
350 _a3
650 _aHome Economics
_939672
942 _cHIN
_k641
_2ddc
999 _c23228
_d23228